[Event "Greek Team Championship"]
[Site "chess24.com"]
[Date "2017.07.04"]
[Round "2"]
[White "Vazelakis, Dimitrios"]
[Black "Sidiropoulos, Nikolaos"]
[Result "1/2-1/2"]
[Board "4"]
[WhiteElo "1866"]
[WhiteCountry "GRE"]
[WhiteFideId "4203674"]
[WhiteEloChange "4"]
[BlackElo "2025"]
[BlackCountry "GRE"]
[BlackFideId "4217250"]
[BlackEloChange "-4"]

1. Nf3 {[%clk 1:30:57]} Nf6 {[%clk 1:30:03]} 2. d4 {[%clk 1:31:22]} e6 {[%clk
1:30:20]} 3. Bg5 {[%clk 1:31:47]} d5 {[%clk 1:30:09]} 4. e3 {[%clk 1:32:00]} Be7
{[%clk 1:30:27]} 5. Nbd2 {[%clk 1:32:04]} O-O {[%clk 1:30:49]} 6. Bd3 {[%clk
1:32:30]} b6 {[%clk 1:30:33]} 7. Ne5 {[%clk 1:30:21]} Bb7 {[%clk 1:30:29]} 8. Qf3
{[%clk 1:26:09]} Nbd7 {[%clk 1:08:20]} 9. c3 {[%clk 1:24:21]} Nxe5 {[%clk
1:06:31]} 10. dxe5 {[%clk 1:24:48]} Nd7 {[%clk 0:59:54]} 11. Bf4 {[%clk 1:17:19]}
Nc5 {[%clk 1:00:00]} 12. Bc2 {[%clk 1:17:46]} Ba6 {[%clk 0:56:37]} 13. O-O-O
{[%clk 1:16:57]} Bd3 {[%clk 0:54:28]} 14. Qg4 {[%clk 1:01:19]} Bxc2 {[%clk
0:52:41]} 15. Kxc2 {[%clk 1:01:01]} Kh8 {[%clk 0:48:31]} 16. h4 {[%clk 0:57:48]}
Qd7 {[%clk 0:43:16]} 17. Bg3 {[%clk 0:50:41]} a5 {[%clk 0:37:31]} 18. Nf3 {[%clk
0:49:01]} Qa4+ {[%clk 0:37:13]} 19. Qxa4 {[%clk 0:49:07]} Nxa4 {[%clk 0:37:42]}
20. h5 {[%clk 0:30:44]} c6 {[%clk 0:29:49]} 21. Bh4 {[%clk 0:24:47]} Rfe8 {[%clk
0:26:25]} 22. h6 {[%clk 0:20:47]} g6 {[%clk 0:26:45]} 23. Rd4 {[%clk 0:18:13]}
Nc5 {[%clk 0:25:29]} 24. Bxe7 {[%clk 0:16:53]} Rxe7 {[%clk 0:25:57]} 25. Ng5
{[%clk 0:16:37]} Nd7 {[%clk 0:21:47]} 26. f4 {[%clk 0:16:23]} b5 {[%clk 0:21:33]}
27. e4 {[%clk 0:12:21]} Kg8 {[%clk 0:21:28]} 28. Rhd1 {[%clk 0:12:12]} Nb6 {[%clk
0:21:25]} 29. exd5 {[%clk 0:12:07]} cxd5 {[%clk 0:21:32]} 30. Nf3 {[%clk
0:11:27]} Rc7 {[%clk 0:18:44]} 31. Kb1 {[%clk 0:10:47]} Rb8 {[%clk 0:13:21]} 32.
Nd2 {[%clk 0:08:42]} Rbc8 {[%clk 0:02:29]} 33. g4 {[%clk 0:07:48]} Nc4 {[%clk
0:00:48]} 34. Nf3 {[%clk 0:06:37]} a4 {[%clk 0:00:35]} 35. a3 {[%clk 0:05:31]}
Ne3 {[%clk 0:01:08]} 36. Rg1 {[%clk 0:05:48]} Nc4 {[%clk 0:01:00]} 37. f5 {[%clk
0:05:07]} Re8 {[%clk 0:00:39]} 38. Re1 {[%clk 0:02:58]} Rce7 {[%clk 0:00:44]} 39.
fxe6 {[%clk 0:32:03]} fxe6 {[%clk 0:31:02]} 40. Rf4 {[%clk 0:31:31]} Rf7 {[%clk
0:31:03]} 41. Rxf7 {[%clk 0:31:50]} Kxf7 {[%clk 0:31:33]} 42. Nd4 {[%clk
0:31:58]} Ke7 {[%clk 0:31:26]} 43. Nf3 {[%clk 0:12:21]} Rf8 {[%clk 0:29:52]} 44.
Ng5 {[%clk 0:12:50]} Rf2 {[%clk 0:30:08]} 45. Nxh7 {[%clk 0:13:12]} Rxb2+ {[%clk
0:30:33]} 46. Kc1 {[%clk 0:13:27]} Rh2 {[%clk 0:30:25]} 47. g5 {[%clk 0:13:36]}
Nxa3 {[%clk 0:30:03]} 48. Rf1 {[%clk 0:13:05]} d4 {[%clk 0:29:16]} 49. Nf8 {[%clk
0:12:11]} dxc3 {[%clk 0:29:10]} 50. Nxg6+ {[%clk 0:12:39]} Kd7 {[%clk 0:27:31]}
51. Nf8+ {[%clk 0:12:50]} Kc6 {[%clk 0:27:50]} 52. Nxe6 {[%clk 0:11:11]} Rc2+
{[%clk 0:28:11]} 53. Kd1 {[%clk 0:11:37]} Rd2+ {[%clk 0:28:38]} 54. Kc1 {[%clk
0:11:25]} Rc2+ {[%clk 0:29:01]} 1/2-1/2

[Event "Greek Team Championship"]
[Site "chess24.com"]
[Date "2017.07.04"]
[Round "2"]
[White "Korou, Laskarina"]
[Black "Seretaki, Konstantina"]
[Result "1/2-1/2"]
[Board "5"]
[WhiteElo "1850"]
[WhiteCountry "GRE"]
[WhiteFideId "4204832"]
[WhiteEloChange "-7"]
[BlackElo "1572"]
[BlackCountry "GRE"]
[BlackFideId "4206215"]
[BlackEloChange "7"]

1. e4 {[%clk 1:26:07]} e6 {[%clk 1:30:54]} 2. d4 {[%clk 1:26:29]} d5 {[%clk
1:31:18]} 3. Nd2 {[%clk 1:25:42]} dxe4 {[%clk 1:31:33]} 4. Nxe4 {[%clk 1:25:54]}
Nd7 {[%clk 1:31:49]} 5. Nf3 {[%clk 1:22:40]} Ngf6 {[%clk 1:31:58]} 6. Bd3 {[%clk
1:13:32]} Nxe4 {[%clk 1:30:59]} 7. Bxe4 {[%clk 1:13:52]} Nf6 {[%clk 1:31:25]} 8.
Bd3 {[%clk 1:12:21]} c5 {[%clk 1:25:03]} 9. O-O {[%clk 0:46:34]} cxd4 {[%clk
1:10:15]} 10. Nxd4 {[%clk 0:46:29]} Bc5 {[%clk 1:07:44]} 11. Nb3 {[%clk 0:42:50]}
Be7 {[%clk 1:05:55]} 12. Qf3 {[%clk 0:36:44]} O-O {[%clk 0:55:27]} 13. Bg5 {[%clk
0:18:49]} Qd5 {[%clk 0:51:10]} 14. Qxd5 {[%clk 0:09:53]} Nxd5 {[%clk 0:51:14]}
15. Bxe7 {[%clk 0:09:56]} Nxe7 {[%clk 0:51:38]} 16. Be4 {[%clk 0:07:17]} Rb8
{[%clk 0:47:50]} 17. Rfd1 {[%clk 0:05:03]} b6 {[%clk 0:47:26]} 18. Rd2 {[%clk
0:04:14]} Bb7 {[%clk 0:47:06]} 19. Bxb7 {[%clk 0:03:54]} Rxb7 {[%clk 0:47:32]}
20. Rad1 {[%clk 0:04:10]} Nd5 {[%clk 0:42:49]} 21. c4 {[%clk 0:02:49]} Nf6 {[%clk
0:43:13]} 22. f3 {[%clk 0:01:41]} Rc7 {[%clk 0:39:02]} 23. Rc1 {[%clk 0:01:26]}
g6 {[%clk 0:37:38]} 24. c5 {[%clk 0:00:37]} bxc5 {[%clk 0:35:13]} 25. Rxc5 {[%clk
0:00:59]} Rxc5 {[%clk 0:29:12]} 26. Nxc5 {[%clk 0:01:26]} Rc8 {[%clk 0:29:00]}
27. Nb3 {[%clk 0:00:59]} Nd5 {[%clk 0:28:20]} 28. Kf2 {[%clk 0:01:18]} h5 {[%clk
0:26:04]} 29. Nd4 {[%clk 0:00:55]} Kf8 {[%clk 0:15:52]} 30. Rc2 {[%clk 0:00:47]}
Rxc2+ {[%clk 0:16:14]} 31. Nxc2 {[%clk 0:01:12]} Ke7 {[%clk 0:16:08]} 32. a3
{[%clk 0:01:24]} 1/2-1/2

[Event "Greek Team Championship"]
[Site "chess24.com"]
[Date "2017.07.04"]
[Round "2"]
[White "Balaska, Eleni Sofia"]
[Black "Psofimi, Milia"]
[Result "1-0"]
[Board "6"]
[WhiteElo "1412"]
[WhiteCountry "GRE"]
[WhiteFideId "4255704"]
[WhiteEloChange "13"]
[BlackElo "1507"]
[BlackCountry "GRE"]
[BlackFideId "4232135"]
[BlackEloChange "-13"]

1. e4 {[%clk 1:30:30]} e5 {[%clk 1:30:49]} 2. Nf3 {[%clk 1:30:30]} Nf6 {[%clk
1:31:55]} 3. Nxe5 {[%clk 1:30:30]} d6 {[%clk 1:31:55]} 4. Nf3 {[%clk 1:31:58]}
Nxe4 {[%clk 1:31:55]} 5. Nc3 {[%clk 1:32:17]} Nxc3 {[%clk 1:31:24]} 6. dxc3
{[%clk 1:32:17]} Be7 {[%clk 1:31:24]} 7. Be3 {[%clk 1:31:12]} Nc6 {[%clk
1:25:17]} 8. Qd2 {[%clk 1:22:37]} O-O {[%clk 1:15:54]} 9. O-O-O {[%clk 1:22:37]}
Be6 {[%clk 1:15:54]} 10. Kb1 {[%clk 1:11:04]} a5 {[%clk 1:05:32]} 11. h4 {[%clk
1:08:41]} a4 {[%clk 0:52:45]} 12. Ng5 {[%clk 0:56:36]} Ne5 {[%clk 0:38:49]} 13.
Bd3 {[%clk 0:35:41]} g6 {[%clk 0:18:18]} 14. Nxe6 {[%clk 0:28:25]} fxe6 {[%clk
0:18:40]} 15. h5 {[%clk 0:25:27]} g5 {[%clk 0:10:11]} 16. f4 {[%clk 0:19:07]}
Nxd3 {[%clk 0:07:53]} 17. cxd3 {[%clk 0:19:21]} h6 {[%clk 0:05:29]} 18. fxg5
{[%clk 0:13:36]} Bxg5 {[%clk 0:05:48]} 19. Rdf1 {[%clk 0:13:39]} Ra5 {[%clk
0:04:44]} 20. Qe2 {[%clk 0:12:01]} Re5 {[%clk 0:02:28]} 21. Bxg5 {[%clk 0:06:05]}
Rxf1+ {[%clk 0:02:48]} 22. Rxf1 {[%clk 0:06:27]} Qxg5 {[%clk 0:02:59]} 23. Qf3
{[%clk 0:05:21]} Rf5 {[%clk 0:02:56]} 24. Qe2 {[%clk 0:04:16]} Rxf1+ {[%clk
0:02:51]} 25. Qxf1 {[%clk 0:04:40]} Qxh5 {[%clk 0:02:53]} 26. Kc2 {[%clk
0:04:23]} Qf5 {[%clk 0:02:54]} 27. Qe2 {[%clk 0:02:41]} Kf7 {[%clk 0:02:33]} 28.
g4 {[%clk 0:02:34]} Qf4 {[%clk 0:02:21]} 29. c4 {[%clk 0:01:41]} c5 {[%clk
0:01:09]} 30. Qg2 {[%clk 0:01:04]} Kf6 {[%clk 0:01:20]} 31. Qxb7 {[%clk 0:00:38]}
Qf2+ {[%clk 0:01:40]} 32. Kc3 {[%clk 0:00:51]} Qe1+ {[%clk 0:01:34]} 33. Kc2
{[%clk 0:00:58]} Qe2+ {[%clk 0:01:57]} 34. Kc3 {[%clk 0:01:08]} Qd1 {[%clk
0:02:08]} 35. Qg2 {[%clk 0:00:51]} Qc1+ {[%clk 0:02:23]} 36. Qc2 {[%clk 0:01:05]}
Qxc2+ {[%clk 0:02:44]} 37. Kxc2 {[%clk 0:01:30]} Kg5 {[%clk 0:02:59]} 38. b3
{[%clk 0:01:02]} a3 {[%clk 0:03:18]} 39. d4 {[%clk 0:01:00]} Kxg4 {[%clk
0:02:12]} 40. b4 {[%clk 0:31:04]} cxb4 {[%clk 0:31:06]} 41. c5 {[%clk 0:28:47]}
dxc5 {[%clk 0:23:18]} 42. dxc5 {[%clk 0:29:06]} 1-0

[Event "Greek Team Championship"]
[Site "chess24.com"]
[Date "2017.07.04"]
[Round "2"]
[White "Papadopoulou, Marilena"]
[Black "Ntala, Konstantina"]
[Result "1/2-1/2"]
[Board "7"]
[WhiteElo "1213"]
[WhiteCountry "GRE"]
[WhiteFideId "25835971"]
[WhiteEloChange "-4"]
[BlackElo "1069"]
[BlackCountry "GRE"]
[BlackFideId "25836234"]
[BlackEloChange "4"]

1. e4 {[%clk 1:30:53]} e5 {[%clk 1:30:56]} 2. Nf3 {[%clk 1:31:00]} Nc6 {[%clk
1:31:21]} 3. Bc4 {[%clk 1:31:10]} Nf6 {[%clk 1:30:04]} 4. d3 {[%clk 1:31:19]} d5
{[%clk 1:25:48]} 5. exd5 {[%clk 1:29:42]} Nxd5 {[%clk 1:26:10]} 6. Bb5 {[%clk
1:27:23]} Bd6 {[%clk 1:22:19]} 7. Bxc6+ {[%clk 1:25:53]} bxc6 {[%clk 1:22:44]} 8.
Qe2 {[%clk 1:18:25]} Qe7 {[%clk 1:17:13]} 9. Bd2 {[%clk 1:14:18]} O-O {[%clk
1:14:32]} 10. O-O {[%clk 1:13:58]} Bg4 {[%clk 1:11:13]} 11. c4 {[%clk 1:07:45]}
Nf6 {[%clk 1:03:45]} 12. Nc3 {[%clk 1:06:06]} c5 {[%clk 1:02:13]} 13. Rfe1 {[%clk
1:04:36]} Rfe8 {[%clk 1:01:58]} 14. h3 {[%clk 1:01:43]} Bh5 {[%clk 0:58:06]} 15.
Ne4 {[%clk 0:58:55]} Bg6 {[%clk 0:53:09]} 16. Nxf6+ {[%clk 0:56:06]} Qxf6 {[%clk
0:53:23]} 17. Bc3 {[%clk 0:55:24]} Qe7 {[%clk 0:50:41]} 18. Qe3 {[%clk 0:50:56]}
e4 {[%clk 0:50:04]} 19. dxe4 {[%clk 0:49:22]} Bxe4 {[%clk 0:50:19]} 20. Nd2
{[%clk 0:48:20]} Bg6 {[%clk 0:48:54]} 21. Qxe7 {[%clk 0:48:31]} Bxe7 {[%clk
0:47:42]} 22. Nf3 {[%clk 0:47:02]} Bd6 {[%clk 0:46:57]} 23. Rad1 {[%clk 0:43:40]}
f6 {[%clk 0:46:07]} 24. b3 {[%clk 0:39:47]} Rxe1+ {[%clk 0:46:03]} 25. Rxe1
{[%clk 0:40:09]} a5 {[%clk 0:46:19]} 26. a4 {[%clk 0:37:32]} Bc2 {[%clk 0:46:21]}
27. Nd2 {[%clk 0:36:42]} Bf4 {[%clk 0:46:08]} 28. Rc1 {[%clk 0:35:50]} Bxd2
{[%clk 0:45:17]} 29. Rxc2 {[%clk 0:35:58]} Bxc3 {[%clk 0:45:42]} 30. Rxc3 {[%clk
0:36:20]} Kf7 {[%clk 0:45:58]} 31. Kf1 {[%clk 0:36:08]} Rd8 {[%clk 0:45:29]} 32.
Ke2 {[%clk 0:35:54]} Ke6 {[%clk 0:44:59]} 33. Re3+ {[%clk 0:35:20]} Kf7 {[%clk
0:44:50]} 34. Rd3 {[%clk 0:35:02]} Rd6 {[%clk 0:44:52]} 35. Rd5 {[%clk 0:33:58]}
Rxd5 {[%clk 0:45:06]} 36. cxd5 {[%clk 0:34:14]} Ke7 {[%clk 0:45:31]} 37. Ke3
{[%clk 0:34:25]} Kd6 {[%clk 0:45:22]} 38. Ke4 {[%clk 0:34:26]} c6 {[%clk
0:44:30]} 39. dxc6 {[%clk 0:32:16]} Kxc6 {[%clk 0:44:45]} 40. g3 {[%clk 1:00:29]}
1/2-1/2

[Event "Greek Team Championship"]
[Site "chess24.com"]
[Date "2017.07.04"]
[Round "2"]
[White "Kalogridakis, Theodoros"]
[Black "Karakatsanis, Nikolaos"]
[Result "1-0"]
[Board "8"]
[WhiteElo "2069"]
[WhiteCountry "GRE"]
[WhiteFideId "4249674"]
[WhiteEloChange "4"]
[BlackElo "1835"]
[BlackCountry "GRE"]
[BlackFideId "4219236"]
[BlackEloChange "-4"]

1. e4 {[%clk 1:30:58]} c5 {[%clk 1:28:57]} 2. Nf3 {[%clk 1:31:22]} e6 {[%clk
1:29:23]} 3. g3 {[%clk 1:31:44]} Nc6 {[%clk 1:28:55]} 4. Bg2 {[%clk 1:32:08]} g6
{[%clk 1:19:13]} 5. d4 {[%clk 1:32:25]} cxd4 {[%clk 1:18:11]} 6. Nxd4 {[%clk
1:32:47]} Bg7 {[%clk 1:18:08]} 7. Nb5 {[%clk 1:33:06]} Qa5+ {[%clk 1:18:08]} 8.
N1c3 {[%clk 1:33:06]} Nf6 {[%clk 1:05:52]} 9. Nd6+ {[%clk 1:31:17]} Ke7 {[%clk
1:06:04]} 10. O-O {[%clk 1:30:14]} Rd8 {[%clk 0:47:43]} 11. Bf4 {[%clk 1:15:42]}
Ne8 {[%clk 0:27:50]} 12. Ncb5 {[%clk 0:45:38]} Be5 {[%clk 0:23:50]} 13. Bxe5
{[%clk 0:38:27]} Nxe5 {[%clk 0:24:11]} 14. Qd4 {[%clk 0:38:46]} f6 {[%clk
0:11:24]} 15. Rad1 {[%clk 0:29:32]} Nf7 {[%clk 0:08:32]} 16. Nxf7 {[%clk
0:18:15]} Kxf7 {[%clk 0:08:51]} 17. Nc3 {[%clk 0:18:41]} d6 {[%clk 0:07:13]} 18.
Qd2 {[%clk 0:15:13]} Kg7 {[%clk 0:04:22]} 19. f4 {[%clk 0:15:32]} Bd7 {[%clk
0:04:08]} 20. f5 {[%clk 0:15:29]} exf5 {[%clk 0:03:50]} 21. exf5 {[%clk 0:15:51]}
Bxf5 {[%clk 0:04:07]} 22. Rde1 {[%clk 0:15:38]} Rd7 {[%clk 0:04:06]} 23. Rf4
{[%clk 0:15:55]} Qb6+ {[%clk 0:03:46]} 24. Kh1 {[%clk 0:16:19]} Qxb2 {[%clk
0:04:11]} 25. g4 {[%clk 0:16:18]} Qxc2 {[%clk 0:04:13]} 26. Qd4 {[%clk 0:16:42]}
Bxg4 {[%clk 0:03:13]} 27. Rxg4 {[%clk 0:16:17]} Rc8 {[%clk 0:03:14]} 28. Nd5
{[%clk 0:16:39]} Rf7 {[%clk 0:03:17]} 29. Rge4 {[%clk 0:16:51]} Qxa2 {[%clk
0:01:29]} 30. Rxe8 {[%clk 0:16:20]} Rxe8 {[%clk 0:01:09]} 31. Rxe8 {[%clk
0:16:45]} Qb1+ {[%clk 0:00:37]} 32. Qg1 {[%clk 0:17:10]} Qb5 {[%clk 0:01:02]} 33.
Re1 {[%clk 0:17:29]} b6 {[%clk 0:01:10]} 34. Qd4 {[%clk 0:17:55]} h5 {[%clk
0:01:08]} 35. Nxf6 {[%clk 0:17:38]} 1-0

[Event "Greek Team Championship"]
[Site "chess24.com"]
[Date "2017.07.04"]
[Round "2"]
[White "Alexakis, Dimitris"]
[Black "Deligiannis, Christos Nikolaos"]
[Result "1-0"]
[Board "9"]
[WhiteElo "2044"]
[WhiteCountry "GRE"]
[WhiteFideId "4277023"]
[WhiteEloChange "2"]
[BlackElo "1650"]
[BlackCountry "GRE"]
[BlackFideId "25820249"]
[BlackEloChange "-2"]

1. e4 {[%clk 1:27:14]} c5 {[%clk 1:30:55]} 2. Nf3 {[%clk 1:27:38]} d6 {[%clk
1:31:20]} 3. Bb5+ {[%clk 1:27:23]} Bd7 {[%clk 1:31:42]} 4. Bxd7+ {[%clk 1:27:47]}
Qxd7 {[%clk 1:32:08]} 5. c4 {[%clk 1:28:10]} g6 {[%clk 1:31:52]} 6. d4 {[%clk
1:28:30]} Bg7 {[%clk 1:31:51]} 7. Nc3 {[%clk 1:28:25]} cxd4 {[%clk 1:31:44]} 8.
Nxd4 {[%clk 1:28:48]} Nc6 {[%clk 1:32:05]} 9. Be3 {[%clk 1:29:12]} Nf6 {[%clk
1:30:44]} 10. f3 {[%clk 1:29:32]} O-O {[%clk 1:29:52]} 11. O-O {[%clk 1:29:49]}
Rac8 {[%clk 1:30:13]} 12. b3 {[%clk 1:30:10]} Rfd8 {[%clk 1:29:59]} 13. Rc1
{[%clk 1:15:55]} Nxd4 {[%clk 1:17:09]} 14. Bxd4 {[%clk 1:15:46]} b6 {[%clk
1:16:25]} 15. Kh1 {[%clk 1:05:25]} Ne8 {[%clk 1:14:08]} 16. Bxg7 {[%clk 0:59:38]}
Kxg7 {[%clk 1:07:18]} 17. f4 {[%clk 0:59:26]} f5 {[%clk 1:05:36]} 18. Re1 {[%clk
0:57:23]} fxe4 {[%clk 0:55:46]} 19. Nxe4 {[%clk 0:56:56]} h6 {[%clk 0:55:50]} 20.
Rc3 {[%clk 0:55:01]} Nf6 {[%clk 0:50:01]} 21. Rce3 {[%clk 0:38:19]} Re8 {[%clk
0:47:50]} 22. Qe2 {[%clk 0:35:48]} Kf7 {[%clk 0:43:31]} 23. f5 {[%clk 0:32:26]}
Nxe4 {[%clk 0:16:25]} 24. Rxe4 {[%clk 0:27:29]} Rc5 {[%clk 0:09:44]} 25. fxg6+
{[%clk 0:27:17]} Kxg6 {[%clk 0:06:09]} 26. Re6+ {[%clk 0:26:42]} Kg7 {[%clk
0:05:44]} 27. Qe4 {[%clk 0:26:30]} Rg5 {[%clk 0:05:30]} 28. h4 {[%clk 0:26:49]}
Rg3 {[%clk 0:03:00]} 29. Kh2 {[%clk 0:27:05]} d5 {[%clk 0:01:46]} 30. Qe5+ {[%clk
0:27:28]} 1-0

[Event "Greek Team Championship"]
[Site "chess24.com"]
[Date "2017.07.04"]
[Round "2"]
[White "Theoharis, Christos"]
[Black "Kokolakis, Panagiotis"]
[Result "0-1"]
[Board "10"]
[WhiteElo "1097"]
[WhiteCountry "GRE"]
[WhiteFideId "25845799"]
[WhiteEloChange "-4"]
[BlackElo "1351"]
[BlackCountry "GRE"]
[BlackFideId "4291115"]
[BlackEloChange "4"]

1. e4 {[%clk 1:30:51]} c6 {[%clk 1:30:55]} 2. Nc3 {[%clk 1:28:58]} d5 {[%clk
1:31:05]} 3. exd5 {[%clk 1:26:07]} cxd5 {[%clk 1:31:27]} 4. d4 {[%clk 1:25:13]}
Nf6 {[%clk 1:30:48]} 5. Nf3 {[%clk 1:23:14]} a6 {[%clk 1:30:39]} 6. Bf4 {[%clk
1:19:23]} Nc6 {[%clk 1:31:01]} 7. Bd3 {[%clk 1:16:49]} Bg4 {[%clk 1:31:20]} 8. h3
{[%clk 1:13:36]} Bxf3 {[%clk 1:30:51]} 9. Qxf3 {[%clk 1:13:29]} Nxd4 {[%clk
1:27:18]} 10. Qe3 {[%clk 1:06:53]} Nc6 {[%clk 1:27:37]} 11. Qf3 {[%clk 0:59:49]}
e6 {[%clk 1:27:38]} 12. a3 {[%clk 0:58:34]} h6 {[%clk 1:21:45]} 13. Bd2 {[%clk
0:52:58]} e5 {[%clk 1:13:50]} 14. Bf5 {[%clk 0:51:34]} e4 {[%clk 1:07:35]} 15.
Qd1 {[%clk 0:42:16]} Bd6 {[%clk 0:53:14]} 16. Be3 {[%clk 0:39:29]} Be5 {[%clk
0:53:02]} 17. Bc5 {[%clk 0:38:34]} b6 {[%clk 0:52:39]} 18. Bxb6 {[%clk 0:32:45]}
Bxc3+ {[%clk 0:52:57]} 19. bxc3 {[%clk 0:32:58]} Qxb6 {[%clk 0:53:18]} 20. O-O
{[%clk 0:32:09]} O-O {[%clk 0:53:28]} 21. Rb1 {[%clk 0:31:53]} Qc7 {[%clk
0:53:29]} 22. Bg4 {[%clk 0:30:15]} Rab8 {[%clk 0:53:12]} 23. Rxb8 {[%clk
0:29:59]} Rxb8 {[%clk 0:53:40]} 24. Re1 {[%clk 0:28:13]} Ne5 {[%clk 0:52:59]} 25.
Be2 {[%clk 0:27:50]} Qxc3 {[%clk 0:50:55]} 26. Qa1 {[%clk 0:25:39]} Qxa1 {[%clk
0:50:39]} 27. Rxa1 {[%clk 0:26:01]} a5 {[%clk 0:50:44]} 28. f4 {[%clk 0:25:53]}
Nc6 {[%clk 0:49:52]} 29. c3 {[%clk 0:25:33]} Kf8 {[%clk 0:49:19]} 30. Kf2 {[%clk
0:25:44]} Ke7 {[%clk 0:47:47]} 31. f5 {[%clk 0:25:27]} Kd6 {[%clk 0:46:14]} 32.
Rc1 {[%clk 0:25:37]} Rb2 {[%clk 0:43:56]} 33. Ke3 {[%clk 0:25:36]} Ke5 {[%clk
0:40:37]} 34. g4 {[%clk 0:25:49]} g6 {[%clk 0:39:37]} 35. Rf1 {[%clk 0:26:06]}
d4+ {[%clk 0:37:24]} 36. cxd4+ {[%clk 0:26:10]} Nxd4 {[%clk 0:37:24]} 37. Bd1
{[%clk 0:24:51]} Nd5# {[%clk 0:36:29]} 0-1

[Event "Greek Team Championship"]
[Site "chess24.com"]
[Date "2017.07.04"]
[Round "2"]
[White "Nikolaidis, Konstantinos"]
[Black "Warmerdam, Max"]
[Result "0-1"]
[Board "1"]
[WhiteElo "2229"]
[WhiteTitle "FM"]
[WhiteCountry "GRE"]
[WhiteFideId "4200578"]
[WhiteEloChange "-6"]
[BlackElo "2358"]
[BlackTitle "FM"]
[BlackCountry "NED"]
[BlackFideId "1048104"]
[BlackEloChange "6"]

1. d4 {[%clk 1:30:45]} Nf6 {[%clk 1:30:51]} 2. Nf3 {[%clk 1:30:49]} g6 {[%clk
1:31:05]} 3. Bg5 {[%clk 1:30:32]} Bg7 {[%clk 1:30:55]} 4. Nbd2 {[%clk 1:30:46]}
O-O {[%clk 1:17:24]} 5. c3 {[%clk 1:30:38]} d6 {[%clk 1:16:19]} 6. e3 {[%clk
1:28:47]} c5 {[%clk 1:13:13]} 7. Bd3 {[%clk 1:22:22]} b6 {[%clk 1:02:56]} 8. O-O
{[%clk 1:18:47]} Bb7 {[%clk 1:01:08]} 9. Re1 {[%clk 1:14:42]} h6 {[%clk 0:57:34]}
10. Bh4 {[%clk 1:13:38]} Nc6 {[%clk 0:55:19]} 11. Qc2 {[%clk 1:05:34]} Rc8 {[%clk
0:54:15]} 12. dxc5 {[%clk 1:04:11]} dxc5 {[%clk 0:49:08]} 13. Rad1 {[%clk
0:58:09]} Qc7 {[%clk 0:41:26]} 14. Nc4 {[%clk 0:48:30]} b5 {[%clk 0:25:29]} 15.
Bg3 {[%clk 0:44:45]} bxc4 {[%clk 0:25:40]} 16. Bxc7 {[%clk 0:45:04]} cxd3 {[%clk
0:26:07]} 17. Qxd3 {[%clk 0:42:27]} Rxc7 {[%clk 0:26:32]} 18. Qb5 {[%clk
0:39:36]} Nd8 {[%clk 0:25:16]} 19. Ne5 {[%clk 0:33:47]} Nd5 {[%clk 0:19:34]} 20.
Nc4 {[%clk 0:32:34]} Ne6 {[%clk 0:18:56]} 21. Rd2 {[%clk 0:29:42]} Bc6 {[%clk
0:16:50]} 22. Qa5 {[%clk 0:28:17]} Rb8 {[%clk 0:16:08]} 23. Red1 {[%clk 0:27:23]}
Nb6 {[%clk 0:16:25]} 24. Nxb6 {[%clk 0:18:08]} axb6 {[%clk 0:15:44]} 25. Qa6
{[%clk 0:17:18]} b5 {[%clk 0:14:14]} 26. a3 {[%clk 0:15:15]} Be5 {[%clk 0:12:15]}
27. f4 {[%clk 0:08:00]} Bf6 {[%clk 0:10:49]} 28. Kf2 {[%clk 0:06:02]} Kg7 {[%clk
0:10:51]} 29. Kg1 {[%clk 0:05:24]} Rbb7 {[%clk 0:06:59]} 30. Qa5 {[%clk 0:03:02]}
Be4 {[%clk 0:06:15]} 31. Kf2 {[%clk 0:02:14]} b4 {[%clk 0:01:10]} 32. axb4 {[%clk
0:01:55]} cxb4 {[%clk 0:01:36]} 33. cxb4 {[%clk 0:01:49]} Rc4 {[%clk 0:01:59]}
34. b5 {[%clk 0:01:12]} Nc5 {[%clk 0:02:24]} 35. Rd8 {[%clk 0:00:42]} Ra4 {[%clk
0:02:47]} 36. Qe1 {[%clk 0:00:33]} Rxb5 {[%clk 0:03:12]} 37. R1d2 {[%clk
0:00:35]} Rab4 {[%clk 0:02:35]} 38. R8d4 {[%clk 0:00:32]} Rxb2 {[%clk 0:02:39]}
39. Kf1 {[%clk 0:00:32]} Rb1 {[%clk 0:02:29]} 40. Rd1 {[%clk 0:30:51]} Bxd4
{[%clk 0:32:53]} 41. exd4 {[%clk 0:30:37]} Rxd1 {[%clk 0:33:19]} 0-1

[Event "Greek Team Championship"]
[Site "chess24.com"]
[Date "2017.07.04"]
[Round "2"]
[White "Roinos, Ilias"]
[Black "Giannoutsos, Panagiotis"]
[Result "1-0"]
[Board "2"]
[WhiteElo "2198"]
[WhiteCountry "GRE"]
[WhiteFideId "4232402"]
[WhiteEloChange "2"]
[BlackElo "1717"]
[BlackCountry "GRE"]
[BlackFideId "4213718"]
[BlackEloChange "-2"]

1. e4 {[%clk 1:30:56]} c5 {[%clk 1:30:50]} 2. Nf3 {[%clk 1:31:19]} d6 {[%clk
1:31:00]} 3. d4 {[%clk 1:31:42]} cxd4 {[%clk 1:31:26]} 4. Nxd4 {[%clk 1:32:06]}
Nf6 {[%clk 1:31:40]} 5. Nc3 {[%clk 1:32:28]} a6 {[%clk 1:32:02]} 6. Bc4 {[%clk
1:32:53]} e6 {[%clk 1:31:49]} 7. Bb3 {[%clk 1:33:15]} b5 {[%clk 1:31:51]} 8. Bg5
{[%clk 1:33:34]} Be7 {[%clk 1:29:31]} 9. Qf3 {[%clk 1:33:53]} Qb6 {[%clk
1:27:05]} 10. O-O-O {[%clk 1:34:08]} Qb7 {[%clk 1:25:00]} 11. Rhe1 {[%clk
1:34:08]} Nc6 {[%clk 1:20:56]} 12. Bxf6 {[%clk 1:33:09]} gxf6 {[%clk 1:16:26]}
13. Nxc6 {[%clk 1:33:19]} Qxc6 {[%clk 1:16:40]} 14. Nd5 {[%clk 1:33:15]} Bb7
{[%clk 1:01:57]} 15. Nxf6+ {[%clk 1:30:24]} Kd8 {[%clk 0:58:43]} 16. Ng4 {[%clk
1:29:31]} Bg5+ {[%clk 0:50:09]} 17. Kb1 {[%clk 1:29:53]} Ke7 {[%clk 0:49:54]} 18.
h4 {[%clk 1:24:39]} Bxh4 {[%clk 0:48:23]} 19. Bd5 {[%clk 1:22:53]} Qc7 {[%clk
0:45:34]} 20. Bxb7 {[%clk 1:22:38]} Qxb7 {[%clk 0:45:54]} 21. Qf4 {[%clk
1:23:01]} Qc7 {[%clk 0:37:09]} 22. Qh6 {[%clk 1:23:17]} Rac8 {[%clk 0:36:51]} 23.
Qxh4+ {[%clk 1:23:38]} Kf8 {[%clk 0:31:08]} 24. Qf6 {[%clk 1:23:45]} Qxc2+ {[%clk
0:29:49]} 25. Ka1 {[%clk 1:23:19]} Rg8 {[%clk 0:29:31]} 26. Ne3 {[%clk 1:21:34]}
Qc7 {[%clk 0:19:19]} 27. Qf4 {[%clk 1:20:13]} Rd8 {[%clk 0:18:18]} 28. Rc1 {[%clk
1:20:30]} Qb6 {[%clk 0:15:54]} 29. Qh6+ {[%clk 1:20:33]} Ke7 {[%clk 0:13:35]} 30.
Nd5+ {[%clk 1:20:09]} exd5 {[%clk 0:13:39]} 31. exd5+ {[%clk 1:20:30]} Kd7 {[%clk
0:13:03]} 32. Qh3+ {[%clk 1:20:30]} 1-0